Building a world-class civil service: for twenty-first century India (Record no. 441092)

000 -LEADER
fixed length control field 00401cam a22001337a 4500
008 - FIXED-LENGTH DATA ELEMENTS--GENERAL INFORMATION
fixed length control field 180718b2010 xxu||||| |||| 00| 0 eng d
020 ## - INTERNATIONAL STANDARD BOOK NUMBER
International Standard Book Number 0198068662
082 ## - DEWEY DECIMAL CLASSIFICATION NUMBER
Classification number K12x54 D26b
100 ## - MAIN ENTRY--PERSONAL NAME
Personal name Das, S. K.
245 ## - TITLE STATEMENT
Title Building a world-class civil service: for twenty-first century India
Statement of responsibility, etc. by S. K. Das
260 ## - PUBLICATION, DISTRIBUTION, ETC.
Place of publication, distribution, etc. New Delhi
Name of publisher, distributor, etc. Oxford Univ. Press
Date of publication, distribution, etc. 2010
300 ## - PHYSICAL DESCRIPTION
Extent 269p.
650 ## - SUBJECT ADDED ENTRY--TOPICAL TERM
Topical term or geographic name entry element Civil service -India
Holdings
Withdrawn status Lost status Damaged status Not for loan Permanent Location Current Location Date acquired Full call number Barcode Date last seen Price effective from Koha item type
        Indian Institute of Public Administration Indian Institute of Public Administration 2010-10-18 K12x54 D26b 84021 2018-07-21 2018-07-21 Book

Powered by Koha